| 000 | 00000nam 2200000zi 4500 |
| 001 | 9.947424 |
| 003 | CaOODSP |
| 005 | 20250303103444 |
| 006 | m o d f |
| 007 | cr |n||||||||| |
| 008 | 250127s1954 onca o f000 0 eng d |
| 040 | |aCaOODSP|beng|erda|cCaOODSP |
| 043 | |an-cn-ab |
| 086 | 1 |aA52-288/1954E-PDF |
| 086 | 1 |zA51-28E-PDF |
| 100 | 1 |aStacey, E. C. |q(Earl Clifford)|eauthor. |
| 245 | 10|aDominion Experimental Station, Beaverlodge, Alberta : |bprogress report, 1948-1952 / |cE. C. Stacey. |
| 264 | 1|aOttawa, Canada : |bMinister of Agriculture, |c[1954] |
| 300 | |a1 online resource (44 pages) : |billustrations |
| 336 | |atext|btxt|2rdacontent |
| 337 | |acomputer|bc|2rdamedia |
| 338 | |aonline resource|bcr|2rdacarrier |
| 500 | |aDigitized edition from print [provided by Agriculture and Agri-Food Canada]. |
| 610 | 15|aCanada. |bDept. of Agriculture. |bExperimental Station (Beaverlodge, Alta.) |
| 610 | 15|aCanada. |bMinistè€re de l'agriculture. |bStation expérimentale (Beaverlodge, Alb.) |
| 650 | 0|aAgricultural experiment stations|zAlberta|zBeaverlodge. |
| 650 | 6|aStations agronomiques|zAlberta|zBeaverlodge. |
| 710 | 1 |aCanada. |bDept. of Agriculture. |bExperimental Station (Beaverlodge, Alta.), |eissuing body. |
| 710 | 1 |aCanada. |bExperimental Farms Service, |eissuing body. |
| 856 | 40|qPDF|s9.72 MB|uhttps://publications.gc.ca/collections/collection_2024/aac-aafc/A51-28-1948-eng.pdf |
| 986 | |a8M—18140-10: 53 |